Statistiken für WM 2022 toptorjäger

Klicken Sie hier um das Quiz zu spielen!

Allgemein

  • Dieses Quiz wurde 237 mal gespielt
  • Das Durchschnittsergebnis liegt bei 7 aus 10

Antwortstatistiken

HintAntwort% Korrekt
Argentinien 7 ToreMessi
100%
Frankreich 8 ToreMbappe
99%
Frankreich 4 ToreGiroud
72%
Argentinien 4 ToreAlvarez
70%
Spanien 3 ToreMorata
66%
Brasilien 3 ToreRicharlison
65%
Niederlande 3 ToreGakpo
58%
Portugal 3 ToreRamos
54%
England 3 ToreRashford
54%
England 3 ToreSaka
53%

Verteilung der Resultate

Perzentil nach korrekt beantworteten Fragen

Anzahl Personen mit jedem Resultat

Ihre Resultats-Entwicklung

Sie haben dieses Quiz noch nicht gespielt